The Presentation and Settlement of Contractors' Claims / (Record no. 13649)
[ view plain ]
| 000 -LEADER | |
|---|---|
| fixed length control field | 01370cam a2200301 a 4500 |
| 001 - CONTROL NUMBER | |
| control field | 11925218 |
| 005 - DATE AND TIME OF LATEST TRANSACTION | |
| control field | 20060807211333.0 |
| 008 - FIXED-LENGTH DATA ELEMENTS--GENERAL INFORMATION | |
| fixed length control field | 000229s2001 enka |r 001 0 eng |
| 010 ## - LIBRARY OF CONGRESS CONTROL NUMBER | |
| LC control number | 00027912 |
| 020 ## - INTERNATIONAL STANDARD BOOK NUMBER | |
| International Standard Book Number | 0419205004 |
| 040 ## - CATALOGING SOURCE | |
| Original cataloging agency | DLC |
| Transcribing agency | DLC |
| Modifying agency | DLC |
| 043 ## - GEOGRAPHIC AREA CODE | |
| Geographic area code | e-uk--- |
| 050 00 - LIBRARY OF CONGRESS CALL NUMBER | |
| Classification number | KD1641 |
| Item number | .T74 2001 |
| 082 00 - DEWEY DECIMAL CLASSIFICATION NUMBER | |
| Classification number | 692.8 |
| Edition number | 22 |
| Item number | TRI |
| 100 1# - MAIN ENTRY--PERSONAL NAME | |
| Personal name | Trickey, Geoffrey. |
| 9 (RLIN) | 12551 |
| 245 14 - TITLE STATEMENT | |
| Title | The Presentation and Settlement of Contractors' Claims / |
| Statement of responsibility, etc | Geoffrey Trickey and Mark Hackett. |
| 250 ## - EDITION STATEMENT | |
| Edition statement | 2nd ed. |
| 260 ## - PUBLICATION, DISTRIBUTION, ETC. (IMPRINT) | |
| Place of publication, distribution, etc | London ; |
| -- | New York : |
| Name of publisher, distributor, etc | Spon Press, 2001 |
| Date of publication, distribution, etc | c2001. |
| 300 ## - PHYSICAL DESCRIPTION | |
| Extent | xix, 485 p. : |
| Other physical details | ill. ; |
| Dimensions | 25 cm. |
| 500 ## - GENERAL NOTE | |
| General note | Includes index. |
| 650 #0 - SUBJECT ADDED ENTRY--TOPICAL TERM | |
| Topical term or geographic name as entry element | Construction contracts |
| Geographic subdivision | Great Britain. |
| 9 (RLIN) | 12552 |
| 700 1# - ADDED ENTRY--PERSONAL NAME | |
| Personal name | Hackett, Mark, |
| Dates associated with a name | 1962- |
| 9 (RLIN) | 12553 |
| 856 42 - ELECTRONIC LOCATION AND ACCESS | |
| Materials specified | Publisher description |
| Uniform Resource Identifier | <a href="http://www.loc.gov/catdir/enhancements/fy0651/00027912-d.html">http://www.loc.gov/catdir/enhancements/fy0651/00027912-d.html</a> |
| 942 ## - ADDED ENTRY ELEMENTS (KOHA) | |
| Source of classification or shelving scheme | Dewey Decimal Classification |
| Item type | Book - Borrowing |
| Withdrawn status | Item status | Source of classification or shelving scheme | Damaged status | Not for loan | Vendor | Home library | Current library | Shelving location | Date acquired | Source of acquisition | Total Checkouts | Full call number | Barcode | Date last seen | Koha item type |
|---|---|---|---|---|---|---|---|---|---|---|---|---|---|---|---|
| Dewey Decimal Classification | Baccah | Central Library | Central Library | First floor | 14/03/2010 | 692.8 TRI | 000020138 | 15/07/2025 | Book - Borrowing | ||||||
| Dewey Decimal Classification | Baccah | Central Library | Central Library | First floor | 14/03/2010 | 692.8 TRI | 000020137 | 15/07/2025 | NB - Book (Non borrowing) |